000 00307nam a22001457a 4500
008 230524b ||||| |||| 00| 0 eng d
020 _a9782266147729
041 _aFRA
080 _a82
082 _a82LEV
100 _a38
101 _aGJL
245 _aLA PROCHAINE FOIS
_cLEVY . M
942 _2udc
_cBK
999 _c59823
_d59823